000 00259nam a22001217a 4500
008 180216b xxu||||| |||| 00| 0 eng d
041 _aeng
080 _a54
100 _a12
101 _akim
245 _atexbook of chemistry
_cscott.e
942 _2udc
_cBK
999 _c42749
_d42749